[Event "45th FIDE Chess Olympiad Open"]
[Site "Budapest, Hungary"]
[Date "2024.09.13"]
[Round "3.99"]
[White "Amewounou, Komlan Kouessan"]
[Black "Abdou, Mohamed"]
[Result "1-0"]
[WhiteElo "1825"]
[BlackElo "1782"]
[PlyCount "141"]
[EventDate "2024.??.??"]
[WhiteTeam "Togo"]
[BlackTeam "Comoros Islands"]
[WhiteTeamCountry "TOG"]
[WhiteClock "0:02:12"]
[BlackClock "0:00:59"]

1. e4 c6 2. Nc3 d5 3. Nf3 dxe4 4. Nxe4 Nf6 5. Qe2 Nxe4 6. Qxe4 Nd7 7. Bc4 Nf6 8. Qe2 Bf5 ({RR} 8... e6 9. O-O Bd6 10. d4 Qc7 11. Bg5 Nd5 12. Rad1 h6 13. Bc1 b6 14. Bd3 Bb7 15. c4 Nf6 16. a3 O-O 17. h3 c5 18. dxc5 bxc5 19. b3 e5 20. Bc2 e4 21. Nh4 Rad8 22. Nf5 Bh2+ 23. Kh1 {Wang,H (2756)-Shimanov,A (2587) Moscow 2019 ½-½ (60)}) 9. d4 e6 10. h3 h6 $146 ({RR} 10... Be7 11. O-O Bg6 12. c3 Nd7 13. Ne5 Nxe5 14. Qxe5 O-O 15. Bf4 Rc8 16. Rad1 Re8 17. Rfe1 Qb6 18. Qe2 Rcd8 19. Rd2 Qa5 20. b4 Qb6 21. Qg4 Ra8 22. Qg3 Qd8 23. Bc7 Bh4 24. Qh2 Qd7 25. Rde2 {Roy Chowdhury,S (2233)-Ghosh,D (2568) Bhubaneswar IND 2024 ½-½ (33)}) ({RR} 10... Be7 11. Bg5 h6 12. Bh4 Qb6 13. O-O-O a5 14. Ne5 Rd8 15. g4 Rxd4 16. gxf5 Rxh4 17. fxe6 fxe6 18. Bxe6 Re4 19. Qxe4 Nxe4 20. Bf7+ Kf8 21. Nd7+ Kxf7 22. Nxb6 Bg5+ 23. Kb1 Nd2+ 24. Ka1 Rd8 25. a3 {Holzinger,R-Huth,A (2072) Germany 2005 1-0 (41)}) ({RR} 10... Be7 11. c3 h6 12. Bf4 Bd6 13. Ne5 O-O 14. g4 Bh7 15. g5 Nd5 16. Bxd5 hxg5 17. Be4 Bxe4 18. Qxe4 gxf4 19. Rg1 Qc7 20. Ng4 Kh8 21. Qe2 f5 22. Nh2 Rf6 23. Nf3 Re8 24. O-O-O c5 25. dxc5 {Al Najar,H (1719)-Turunen,T (1665) Helsinki 2018 1-0}) 11. c3 Bd6 12. g4 Bg6 13. Ne5 Bxe5 14. Qxe5 O-O 15. g5 Nd7 16. Qg3 h5 17. f4 Nb6 18. Bd3 Nd5 19. Bd2 Ne7 20. Bxg6 fxg6 21. O-O-O Nf5 22. Qd3 Qd5 23. Kb1 b5 24. Rhe1 Kh7 25. Re5 Qd6 26. Rde1 Rfe8 27. Qf3 Kg8 28. R1e2 a5 29. Be1 Rab8 30. Qe4 Kf7 31. Bf2 a4 32. Rd2 Qd7 33. Qc2 Nd6 34. Rde2 Nc4 35. Rc5 Rbc8 36. a3 Qc7 37. Qe4 Qd6 38. Qf3 Kg8 39. h4 Kf7 40. Bg3 Qd7 41. Qd3 Rcd8 42. Rf2 Qd6 43. f5 Qxc5 44. fxe6+ Kg8 45. Qxg6 Nd2+ 46. Kc2 Qd5 47. Qf7+ Kh8 48. Qxh5+ Kg8 49. Qf7+ Kh8 50. Be5 Qe4+ 51. Kd1 Qh7 52. e7 Ne4 53. Rf4 Nxc3+ 54. bxc3 Qd3+ 55. Ke1 Qxc3+ 56. Kf1 Qd3+ 57. Kg2 Qe2+ 58. Kg3 Qe1+ 59. Kh2 Qd2+ 60. Rf2 Rxe7 61. Qh5+ Kg8 62. Rxd2 Rxe5 63. Rf2 Rxd4 64. Qf7+ Kh7 65. g6+ Kh6 66. Qg8 Rxh4+ 67. Kg3 Rhe4 68. Rh2+ Kg5 69. Rg2 Kxg6 70. Kf3+ Kf5 71. Qf7# 1-0

[Event "45th FIDE Chess Olympiad Open"]
[Site "Budapest, Hungary"]
[Date "2024.09.13"]
[Round "3.101"]
[White "Kim, Sanker"]
[Black "Ah Kye, Benitot"]
[Result "0-1"]
[WhiteElo "1564"]
[BlackElo "1815"]
[PlyCount "60"]
[EventDate "2024.??.??"]
[WhiteTeam "Cambodia"]
[BlackTeam "Mauritius"]
[WhiteTeamCountry "CMB"]
[BlackTeamCountry "MRI"]
[WhiteClock "0:14:16"]
[BlackClock "0:25:57"]

1. d4 Nf6 2. c4 e6 3. Nf3 d5 4. Nc3 Bb4 5. g3 O-O 6. Bg2 dxc4 7. O-O Nc6 8. Bg5 Be7 ({RR} 8... Rb8 9. a3 Bxc3 10. bxc3 h6 11. Bh4 Re8 12. e4 e5 13. d5 Na5 14. Bxf6 Qxf6 15. Qa4 Bg4 16. Nxe5 Qxe5 17. Qxa5 b6 18. Qb4 Be2 19. f4 Qf6 20. e5 Qf5 21. Rf2 Bd3 22. Qa4 a5 23. h3 {Wang,Y (2716)-Vitiugov,N (2722) Ningbo 2010 ½-½ (38)}) 9. e3 ({RR} 9. Bxf6 Bxf6 10. e3 Bd7 11. Qe2 Na5 12. Nd2 c5 13. dxc5 Qc7 14. Nde4 Bxc3 15. bxc3 Bc6 16. Qh5 Bxe4 17. Bxe4 f5 18. Bg2 Qxc5 19. e4 Rad8 20. exf5 exf5 21. Rad1 g6 22. Qg5 Rd3 23. Be4 Rxd1 {Ivanov,M (2252)-Zlatkov,A (2301) Belgrade SRB 2024 1-0}) 9... h6 $146 ({RR} 9... Nd5 10. Bxe7 Qxe7 11. Nd2 Nb6 12. Qe2 Na5 13. Qh5 f5 14. e4 Nc6 15. Nf3 e5 16. dxe5 Nxe5 17. Nxe5 Qxe5 18. Rfe1 c6 19. f4 Qf6 20. Rad1 Be6 21. Rd6 Rad8 22. Red1 g6 23. Qe2 Qe7 24. e5 {Ubilava,E (2515)-Agzamov,G (2545) Sevastopol 1986 ½-½ (50)}) ({RR} 9... Nd5 10. Bxe7 Qxe7 11. Nd2 Nb6 12. Qe2 Na5 13. b3 cxb3 14. axb3 Nc6 15. Bxc6 bxc6 16. Ra5 Nd7 17. Rfa1 a6 18. Qc4 Bb7 19. f4 c5 20. dxc5 Nb8 21. Rd1 Rd8 22. Raa1 Bd5 23. Nxd5 exd5 24. Qc3 {Moiseenko,A (2405)-Shariyazdanov,A (2530) Rotterdam 1998 ½-½ (34)}) ({RR} 9... Nd5 10. Bxe7 Qxe7 11. Qe2 Nb6 12. Nd2 Na5 13. b3 cxb3 14. axb3 Nc6 15. Bxc6 bxc6 16. Ra5 Qb4 17. Rc5 e5 18. Na2 Qa3 19. Nb1 Qxb3 20. Rxe5 Be6 21. Nbc3 Bc4 22. Qd1 Qa3 23. Qc1 Qa6 24. Nb4 {Moiseenko,A (2419)-Budnikov,O (2296) Kharkov 1999 0-1 (48)}) 10. Bf4 Nd5 11. e4 Nxf4 12. gxf4 f6 13. Ne2 Rb8 14. Rc1 Na5 15. Nd2 b5 16. a4 a6 17. Re1 c6 18. axb5 cxb5 19. Nb1 Qb6 20. Na3 Rd8 21. Qc2 Nb3 22. Rcd1 Nxd4 23. Nxd4 Rxd4 24. e5 f5 25. Qc1 Bb7 26. Qe3 Bc5 27. Qg3 Bxg2 28. Qxg2 Rxf4 29. h3 Rxf2 30. Qg6 Qc6 0-1

[Event "45th FIDE Chess Olympiad Open"]
[Site "Budapest, Hungary"]
[Date "2024.09.13"]
[Round "3.102"]
[White "Chinasamy, Devarajen"]
[Black "El, Rozak"]
[Result "1-0"]
[WhiteElo "1975"]
[BlackElo "1514"]
[PlyCount "91"]
[EventDate "2024.??.??"]
[WhiteTeam "Mauritius"]
[BlackTeam "Cambodia"]
[WhiteTeamCountry "MRI"]
[BlackTeamCountry "CMB"]
[WhiteClock "0:24:27"]
[BlackClock "0:14:02"]

1. d4 Nf6 2. Nc3 d5 3. Bf4 c6 4. e3 Bf5 5. Nf3 e6 6. a3 Nbd7 7. Ne5 ({RR} 7. Be2 h6 8. h4 a5 9. Nd2 b5 10. g4 Bg6 11. Rg1 Nb6 12. Bd3 Nfd7 13. Bxg6 fxg6 14. g5 h5 15. Nf3 b4 16. Ne2 Nc4 17. Qd3 Kf7 18. b3 Nb2 19. Qd2 bxa3 20. c3 Qb6 21. Qc2 Qb5 {Salvador,R (2416)-Tatai,S (2370) Bratto 2005 1-0 (48)}) 7... Be7 ({RR} 7... Nxe5 8. Bxe5 Bd6 9. Bxd6 Qxd6 10. Bd3 Bxd3 11. Qxd3 O-O 12. f4 c5 13. O-O Rac8 14. Ne2 Ne4 15. dxc5 Qxc5 16. c3 Nd6 17. Nd4 Qb6 18. Rf2 Nc4 19. Qe2 Rfe8 20. e4 Red8 21. e5 a6 22. Raf1 {Brencher,P (1851)-Pitel,B (1600) Harrogate ENG 2024 1-0 (63)}) 8. g4 $146 ({RR} 8. Nxd7 Qxd7 9. Bd3 Bg6 10. h3 Bd6 11. Bxg6 fxg6 12. Bxd6 Qxd6 13. Qd3 O-O 14. O-O e5 15. dxe5 Qxe5 16. Qd4 Qf5 17. Rac1 a6 18. f3 Rae8 19. g4 Qe6 20. Rce1 h5 21. Kg2 Qd6 22. g5 Nd7 {Korenevski,O (1915)-El Gheiadi,I (2085) Katerini 2014 1-0 (35)}) ({RR} 8. Bd3 Bxd3 9. Qxd3 O-O 10. O-O Nxe5 11. Bxe5 Nd7 12. Bg3 a6 13. e4 dxe4 14. Nxe4 Nf6 15. Rfe1 Nxe4 16. Qxe4 Qd5 17. c3 Qxe4 18. Rxe4 Rfd8 19. f4 Bf6 20. Bf2 Rd7 21. Rae1 g6 22. Kf1 Rad8 {Roesch,O (1935)-Riedl,M (1875) Regensburg 2006 ½-½ (54)}) ({RR} 8. Bd3 Bxd3 9. Qxd3 O-O 10. O-O-O Qa5 11. Bg5 Qd8 12. Rdf1 Nxe5 13. dxe5 Nd7 14. Bf4 a5 15. g4 Nc5 16. Qe2 b5 17. Bg3 b4 18. Nb1 bxa3 19. Nxa3 a4 20. f4 Qb6 21. Be1 Ne4 22. Qd3 Rab8 {Danet,C (1590)-Fournel,D (1560) Ile et Vilaine 2001 0-1 (37)}) 8... Bg6 9. h4 h5 10. Nxg6 fxg6 11. g5 Nh7 12. Bd3 Nhf8 13. Qf3 Qb6 14. Qg3 Qxb2 15. Kd2 e5 16. Rhb1 exf4 17. Qxf4 Qxa1 18. Rxa1 Rc8 19. Ne2 a6 20. Qg3 b5 21. Nf4 Bd6 22. Qh3 Ke7 23. a4 Bxf4 24. exf4 Kd6 25. f5 gxf5 26. axb5 axb5 27. Qg3+ Ke7 28. Bxf5 g6 29. Bh3 c5 30. Ra7 Rh7 31. Qe5+ Kd8 32. Qxd5 cxd4 33. Qxb5 Rf7 34. f4 Rc5 35. Ra8+ Ke7 36. Qe2+ Kd6 37. Qe4 Rc4 38. Bg2 Rf5 39. Bf1 Rc6 40. Re8 Kc7 41. Bd3 Rd6 42. Qa8 Rdd5 43. Qa7+ Kd6 44. Qa6+ Kc5 45. Rc8+ Kb4 46. Rc4# 1-0

[Event "45th FIDE Chess Olympiad Open"]
[Site "Budapest, Hungary"]
[Date "2024.09.13"]
[Round "3.106"]
[White "Prasad, Rudr"]
[Black "Roberts, Gennard"]
[Result "1-0"]
[WhiteElo "1777"]
[BlackElo "1582"]
[PlyCount "83"]
[EventDate "2024.??.??"]
[WhiteTeam "Fiji"]
[BlackTeam "Grenada"]
[WhiteTeamCountry "FIJ"]
[BlackTeamCountry "GRA"]
[WhiteClock "0:37:01"]
[BlackClock "0:04:54"]

1. d4 Nf6 2. c4 c5 3. d5 b5 4. cxb5 a6 5. Nc3 axb5 6. e4 d6 7. Bxb5+ Bd7 8. Bxd7+ Nbxd7 9. Nf3 g6 10. O-O Bg7 11. Re1 O-O $146 ({RR} 11... Ng4 12. a4 O-O 13. h3 Nge5 14. Nxe5 Bxe5 15. Nb5 Qb6 16. Rb1 Rfb8 17. b3 Rc8 18. Bg5 Kf8 19. Be3 Qa5 20. Bd2 Qd8 21. f4 Bg7 22. Bc3 Bxc3 23. Nxc3 Qa5 24. Qc2 Qb4 25. Na2 Qd4+ 26. Kh1 {Kudojarov,M (1895)-Ardashirov,A Ufa 2008 1-0 (38)}) ({RR} 11... Qb8 12. Qe2 O-O 13. Nd2 Ne8 14. Nc4 Nc7 15. f4 Nb5 16. e5 Nd4 17. Qe4 Qb4 18. Qd3 Nc2 19. Qxc2 Qxc4 20. Re4 Qa6 21. Ra4 Qb7 22. Rxa8 Rxa8 23. exd6 Bxc3 24. bxc3 exd6 25. c4 Qa6 26. Bb2 {Strathoff,M (2079)-Fox,D (1726) Wolfsburg 2004 ½-½ (37)}) ({RR} 11... Ng4 12. h3 Nge5 13. Bg5 Rb8 14. Nxe5 Nxe5 15. f4 Nc4 16. Qa4+ Qd7 17. Qxc4 O-O 18. Re2 Qa7 19. Kh2 Rb4 20. Qd3 Rfb8 21. e5 h6 22. exd6 hxg5 23. Rxe7 Qb6 24. d7 Qd6 25. Rae1 Bf8 26. R7e4 {Issani,N (1983)-Huang,P (1629) Windsor 2015 1-0 (45)}) 12. h3 Ne8 13. a4 Nc7 14. Bd2 Qb8 15. Qc2 Qb7 16. Ra3 Rfb8 17. Rb1 Na6 18. Nb5 Nb4 19. Qb3 Na6 20. Bc3 Nc7 21. Bxg7 Kxg7 22. Qc3+ Kg8 23. Nxc7 Qxc7 24. Nd4 Rb7 25. Nc6 Nb8 26. Nxb8 Qxb8 27. a5 Rb4 28. e5 Qb5 29. exd6 exd6 30. Qf6 Qb8 31. Re1 Rxb2 32. Re7 Rb1+ 33. Kh2 Qf8 34. Rf3 Qg7 35. Qxd6 Qa1 36. Rfxf7 Rh1+ 37. Kg3 Qc3+ 38. f3 Re1 39. Rxh7 Rxe7 40. Rxe7 Kh8 41. Qf4 g5 42. Qf7 1-0